Statistics for Every number 1-10

Click here to take the quiz!

General Stats

  • This quiz has been taken 319 times
  • The average score is 10 of 10

Answer Stats

HintAnswer% Correct
the first one1
100%
the second one2
99%
the third one3
98%
the fourth one4
98%
the fifth one5
98%
the sixth one6
96%
the eight one8
96%
the ninth one9
96%
the seventh one7
95%
the last one10
93%

Score Distribution

Percentile by Number Answered

Percent of People with Each Score

Your Score History

You have not taken this quiz